|
|
|
|
| LEADER |
01306nam a2200301 a 4500 |
| 001 |
19783 |
| 003 |
BD-DhAAL |
| 008 |
100214r20092007ii a b 001 0 eng d |
| 999 |
|
|
|c 7530
|d 7530
|
| 020 |
|
|
|a 9780070583894
|
| 020 |
|
|
|a 0070583897
|
| 040 |
|
|
|a DB-DhAAL
|c DB-DhAAL
|
| 082 |
0 |
0 |
|a 621.38152
|2 22
|
| 100 |
1 |
|
|a Singh, M D
|9 40535
|
| 245 |
1 |
0 |
|a Power electronics /
|c M D singh, K B Khanchandani.
|
| 250 |
|
|
|a Second edition
|
| 260 |
|
|
|a New Delhi,India :
|b Tata McGraw-Hill Education Pvt. Ltd.,
|c c2007 [reprinted 2009]
|
| 300 |
|
|
|a xiii,1071 pages :
|b illustrations ;
|c 24 cm.
|
| 490 |
0 |
|
|a The McGraw-Hill companies Electrical & electronics engineering series.
|
| 504 |
|
|
|a Includes bibliographical References and indexes.
|
| 541 |
1 |
|
|e 00019783
|
| 650 |
|
0 |
|a Power semiconductors.
|9 40536
|
| 650 |
|
0 |
|a Electric current converters.
|9 40537
|
| 700 |
1 |
|
|a Khanchandani, K B
|9 40538
|
| 852 |
4 |
|
|a Ayesha Abed Library
|j General Stacks
|
| 942 |
|
|
|2 ddc
|c BK
|
| 952 |
|
|
|0 0
|1 0
|2 ddc
|4 0
|6 621_381520000000000_SIN_2009
|7 0
|9 8138
|a BRACUL
|b BRACUL
|c GEN
|d 2010-02-15
|l 3
|m 34
|o 621.38152 SIN
|p 3010019783
|r 2018-01-03
|s 2017-10-10
|t 1
|w 2010-02-15
|y BK
|
| 952 |
|
|
|0 0
|1 0
|2 ddc
|4 0
|6 621_381520000000000_SIN_2009
|7 0
|9 8139
|a BRACUL
|b BRACUL
|c GEN
|d 2010-02-15
|l 3
|m 23
|o 621.38152 SIN
|p 3010019784
|r 2014-12-15
|s 2014-10-13
|t 2
|w 2010-02-15
|y BK
|